000 00573nam a2200229Ia 4500
003 OSt
005 20220924144915.0
006 a|||||r|||| 00| 0
007 ta
008 220923b |||||||| |||| 00| 0 urd d
024 _a323683
037 _cTextual
040 _aARTS
_cARTS
_burd
041 _2urd
_aurd
082 _aY, 168F9
100 _aAhmad Ghulam Mohammad Au.
_9218691
245 0 _aFalsafa-e-tareekh
260 _c1929
650 _aSOCIOLOGY
942 _hY, 168F9
_cTEXL
_2CC
999 _c458642
_d458642